000 00287nam a22001337a 4500
008 170323b xxu||||| |||| 00| 0 eng d
020 _a0716720361
041 _aeng
080 _a616.9
100 _a8
101 _aSHM
245 _aTHE SCIENCE OF AIDS
_cFREEMAN, W.H
942 _2udc
_cBK
999 _c8497
_d8497